00495nam a2200157Ia 45000010006000000050017000060080041000230410008000640820015000721000033000872450185001202600009003053000007003146500008003216540008003291981820260306172720.0260306t2013||||xx |||||||||||||| ||spa|| aESP a341.1bR81 aRomero Muñoz, ArmandoeAUT 0aLa relación entre la persona y el derecho en la iusfilosofía de Carlos Fernández Sessarego:bun balance a partir de las obras "El derecho como libertad" y "Derecho y persona" c2013 ac aGEN aCDE